The interceding Christian / (Record no. 4310)
[ view plain ]
| 000 -LEADER | |
|---|---|
| fixed length control field | 00742cam a2200277 a 4500 |
| 001 - CONTROL NUMBER | |
| control field | 332580 |
| 003 - CONTROL NUMBER IDENTIFIER | |
| control field | OSt |
| 005 - DATE AND TIME OF LATEST TRANSACTION | |
| control field | 20181204175434.0 |
| 008 - FIXED-LENGTH DATA ELEMENTS--GENERAL INFORMATION | |
| fixed length control field | 930610s1991 oku 000 0 eng d |
| 020 ## - INTERNATIONAL STANDARD BOOK NUMBER | |
| Canceled/invalid ISBN | 08927603030 |
| 035 ## - SYSTEM CONTROL NUMBER | |
| System control number | (OCoLC)28246775 |
| 035 ## - SYSTEM CONTROL NUMBER | |
| System control number | (OCoLC)ocm28246775 |
| 040 ## - CATALOGING SOURCE | |
| Original cataloging agency | PTS |
| Transcribing agency | PTS |
| 049 ## - LOCAL HOLDINGS (OCLC) | |
| Holding library | PTSS |
| 082 ## - DEWEY DECIMAL CLASSIFICATION NUMBER | |
| Classification number | 248.32 |
| Item number | H145I |
| 090 ## - LOCALLY ASSIGNED LC-TYPE CALL NUMBER (OCLC); LOCAL CALL NUMBER (RLIN) | |
| Classification number (OCLC) (R) ; Classification number, CALL (RLIN) (NR) | BV283.I5 |
| Local cutter number (OCLC) ; Book number/undivided call number, CALL (RLIN) | H33 1991 |
| 100 1# - MAIN ENTRY--PERSONAL NAME | |
| Personal name | Hagin, Kenneth E., |
| Dates associated with a name | 1917- |
| 245 14 - TITLE STATEMENT | |
| Title | The interceding Christian / |
| Statement of responsibility, etc. | by Kenneth Hagin. |
| 250 ## - EDITION STATEMENT | |
| Edition statement | 2rd ed. |
| 260 ## - PUBLICATION, DISTRIBUTION, ETC. | |
| Place of publication, distribution, etc. | Tulsa, Okla. : |
| Name of publisher, distributor, etc. | K. Hagin Ministries, |
| Date of publication, distribution, etc. | 1983. |
| 300 ## - PHYSICAL DESCRIPTION | |
| Extent | 30 p. ; |
| Dimensions | 19 cm. |
| 500 ## - GENERAL NOTE | |
| General note | "Faith Library Publications". |
| 650 #0 - SUBJECT ADDED ENTRY--TOPICAL TERM | |
| Topical term or geographic name entry element | Prayer. |
| 650 #0 - SUBJECT ADDED ENTRY--TOPICAL TERM | |
| Topical term or geographic name entry element | Intercessory prayer |
| General subdivision | Christianity. |
| 942 ## - ADDED ENTRY ELEMENTS (KOHA) | |
| Source of classification or shelving scheme | Dewey Decimal Classification |
| Koha item type | Books |
| Withdrawn status | Lost status | Source of classification or shelving scheme | Damaged status | Not for loan | Collection code | Home library | Current library | Shelving location | Date acquired | Cost, normal purchase price | Total Checkouts | Full call number | Barcode | Date last seen | Price effective from | Koha item type |
|---|---|---|---|---|---|---|---|---|---|---|---|---|---|---|---|---|
| Dewey Decimal Classification | Not For Loan | Non-fiction | Harvest Mission College | Harvest Mission College | General Stacks | 04.12.2018 | 50.00 | 248.32 H145I | 004882 | 04.12.2018 | 04.12.2018 | Books |
